Maths activity book : Packed with activities book / (Record no. 9301)

MARC details
000 -LEADER
fixed length control field 01043nam a22002417a 4500
001 - CONTROL NUMBER
control field 9301
003 - CONTROL NUMBER IDENTIFIER
control field FISKH
005 - DATE AND TIME OF LATEST TRANSACTION
control field 20251209144844.0
008 - FIXED-LENGTH DATA ELEMENTS--GENERAL INFORMATION
fixed length control field 251209b cb ||||| |||| 00| 0 eng d
020 ## - INTERNATIONAL STANDARD BOOK NUMBER
International Standard Book Number 9781909767935
040 ## - CATALOGING SOURCE
Original cataloging agency FISKH
Language of cataloging eng
Transcribing agency FISKH
Modifying agency FISKH
082 ## - DEWEY DECIMAL CLASSIFICATION NUMBER
Classification number 510
100 ## - MAIN ENTRY--PERSONAL NAME
Personal name Jacoby, Jenny
245 ## - TITLE STATEMENT
Title Maths activity book : Packed with activities book /
Statement of responsibility, etc. by Jenny Jacoby ; Designed and illustrated by Vicky Barker
260 ## - PUBLICATION, DISTRIBUTION, ETC.
Place of publication, distribution, etc. London :
Name of publisher, distributor, etc. Bsmall,
Date of publication, distribution, etc. 2016.
300 ## - PHYSICAL DESCRIPTION
Extent 32 pages :
Other physical details color illustrations ;
Dimensions 25 cm
520 ## - SUMMARY, ETC.
Summary, etc. Maths is a huge part of science, technology and engineering. Young mathematicians can discover more at home by reading the simple explanations and doing the beautifully illustrated activities on each page. Start a lifelong passion for STEM subjects and inspire problem-solving skills.
650 ## - SUBJECT ADDED ENTRY--TOPICAL TERM
Topical term or geographic name entry element Math Activity Book
Form subdivision Juvenile Nonfiction
General subdivision Workbook
650 ## - SUBJECT ADDED ENTRY--TOPICAL TERM
Topical term or geographic name entry element Activity Book
Form subdivision Children’s Nonfiction
700 ## - ADDED ENTRY--PERSONAL NAME
Personal name Barker, Vicky
Relator term illustratrator
942 ## - ADDED ENTRY ELEMENTS (KOHA)
Source of classification or shelving scheme Dewey Decimal Classification
Koha item type Books
Suppress in OPAC No
Holdings
Withdrawn status Lost status Source of classification or shelving scheme Damaged status Not for loan Collection Home library Current library Shelving location Date acquired Total Checkouts Full call number Barcode Date due Date last seen Date last checked out Copy number Price effective from Koha item type
    Dewey Decimal Classification     Reference Footprints International School Library Network Toul Tom Poung Campus Footprints International School Library Network Toul Tom Poung Campus Librarian's Shelf TTP 12/09/2025 1 JAC 510 2025-5096 04/22/2026 04/08/2026 04/08/2026 1 12/09/2025 Books